01346nam a2200385 450000100060000000300100000600500170001600700030003300800410003601700530007702000150013004000290014504100130017408000230018708400110021010000450022124000290026624501580029525000180045330000180047133600270048933700330051633800280054949000110057765000090058865500400059770000370063783000300067494200120070495600060071698000730072298000740079598000740086999900170094358961CO-BoRNBP20250830154232.0ta020405s2001 sp | ||| ||spa  aB 40403-2001bOficina Depósito Legal Barcelona a848461087X aSpMaBNbspacSpMaBNerdc1 aspaheng a821.111(73)-31"18" aC COO21 aCooper, James Fenimored1789-185196447614aThe last of the Mohicans13aEl último mohicanoh[Texto impreso]cJames Fenimore Cooper ; traducción, Elena Cortada de la Rosa ; prólogo y presentación, Francés Ll. Cardona a1a. edición a316 p.c22 cm 2rdacontentatextobtxt 2rdamediaasin mediaciónbn 2rdacarrieravolumenbnc1 aCrisol 2LEMB 7aNovelas históricas2tgfbne9644771 aCortada de la Rosa, Elena964478 0aCrisol (Barcelona)964479 2ddccBK a2 aB 40403-2001a84-8461-087-XaSpMaBNbBNALCALAj12/112751cSG_PETANTI aB 40403-2001a84-8461-087-XaSpMaBNbBNALCALAjAHM/545455cSG_PETANTI aB 40403-2001a84-8461-087-XaSpMaBNbBNALCALAjDL/1114438cCONSERVACI c58961d58961